The Byers Family (Stranger Things) - Statistics

General Stats
  • This quiz has been taken 341 times
  • The average score is 4 of 5
Answer Stats
Starting Letter Answer % Correct
W Will
99%
J Joyce
98%
J Jonathan
96%
L Lonnie
84%
C Chester
26%
No matching quizzes found
Score Distribution
Percent of People with Each Score
Percentile by Number Answered
Your Score History
You have not taken this quiz